000 00371nam a2200145Ia 4500
008 230312s9999||||xx |||||||||||||| ||und||
020 _a9780071666619
082 _a005.8
_bCAC-H
100 _aHausman
245 0 _aIT Architecture For Dummies
260 _bMcgraw hill
_aUSA
_c2010
300 _a484
650 _aComputer
_vWireless communication systems.
942 _cBK
999 _c17061
_d17061